00343 a2200109 4500001001000000005001700010008004100027245004500068100002100113700002100134773007800155ART_1155920260410161858.0260409a 10aDoes fiscal policy matter?. A correction1 aBlinder, Alan S.1 aSolow, Robert M.0 tJournal of public economicsg- Vol. 5, NÂș 1/2 (ene./feb. 1976)wREV11485